Detalles MARC
| 000 -CABECERA |
| campo de control de longitud fija |
01111nam a2200253 a 4500 |
| 001 - NÚMERO DE CONTROL |
| campo de control |
000046743 |
| 005 - FECHA Y HORA DE LA ÚLTIMA TRANSACCIÓN |
| campo de control |
20220321135113.0 |
| 008 - DATOS DE LONGITUD FIJA--INFORMACIÓN GENERAL |
| campo de control de longitud fija |
180321s2015 dr a 000 0 spa d |
| 020 ## - NÚMERO INTERNACIONAL ESTÁNDAR DEL LIBRO |
| Número Internacional Estándar del Libro |
9789945900491 |
| 040 ## - FUENTE DE LA CATALOGACIÓN |
| Centro catalogador/agencia de origen |
DO-SdBNP |
| Lengua de catalogación |
spa |
| Centro/agencia transcriptor |
BNPHU |
| 082 ## - NÚMERO DE LA CLASIFICACIÓN DECIMAL DEWEY |
| Número de clasificación |
xxxx |
| Número de documento/Ítem |
P969g |
| 100 1# - ENTRADA PRINCIPAL--NOMBRE DE PERSONA |
| Nombre de persona |
Pacheco Salazar, Berenice |
| 9 (RLIN) |
43335 |
| 245 10 - MENCIÓN DE TÍTULO |
| Título |
Guía orientativa para su diseño e implementación / |
| Mención de responsabilidad, etc. |
Berenice Pacheco Salazar, Verónica Herrera ; coordinadora Analia Rosoli. |
| 260 ## - PUBLICACIÓN, DISTRIBUCIÓN, ETC. |
| Lugar de publicación, distribución, etc. |
Santo Domingo : |
| Nombre del editor, distribuidor, etc. |
MINERD, |
| -- |
OEI, |
| Fecha de publicación, distribución, etc. |
2015. |
| 300 ## - DESCRIPCIÓN FÍSICA |
| Extensión |
45 p. : |
| Otras características físicas |
il. ; |
| Dimensiones |
27 cm. |
| 490 1# - MENCIÓN DE SERIE |
| Mención de serie |
Sistema integral de apoyo a los aprendizajes |
| 500 ## - NOTA GENERAL |
| Nota general |
A la cabeza del título : Proyectos educativos innovadores; guía orientativa para su diseño e implementación. |
| 590 ## - NOTA LOCAL (RLIN) |
| Nota local |
Inventariado, 2018 /LP |
| 700 1# - PUNTO DE ACCESO ADICIONAL--NOMBRE DE PERSONA |
| Nombre de persona |
Herrera, Verónica |
| 9 (RLIN) |
74677 |
| 700 1# - PUNTO DE ACCESO ADICIONAL--NOMBRE DE PERSONA |
| Nombre de persona |
Rosoli, Analía, |
| Término indicativo de función/relación |
coordinadora |
| 9 (RLIN) |
206 |
| 710 1# - PUNTO DE ACCESO ADICIONAL--NOMBRE DE ENTIDAD CORPORATIVA |
| Nombre de entidad corporativa o nombre de jurisdicción como elemento de entrada |
República Dominicana. Ministerio de Educación |
| 9 (RLIN) |
43100 |
| 710 2# - PUNTO DE ACCESO ADICIONAL--NOMBRE DE ENTIDAD CORPORATIVA |
| Nombre de entidad corporativa o nombre de jurisdicción como elemento de entrada |
Organización de Estados Iberoamericanos para la Educación, la Ciencia y la Cultura |
| 9 (RLIN) |
29137 |
| 830 #0 - PUNTO DE ACCESO ADICIONAL DE SERIE-TÍTULO UNIFORME |
| Título uniforme |
Sistema integral de apoyo a los aprendizajes |
| 9 (RLIN) |
74671 |